00711nam a2200205 a 4500001001000000003000400010005001700014008004100031020001800072040002500090082002200115245012100137260005000258300002100308500006000329600003000389650003700419650002700456700002200483000027257OSt20260321073641.0100805s2010 dr 001 p spa d a9789945404302 aDO-SdBNPbspacBNPHU aRD861.4408bA111v00aA viva Bosch :bcien poetas cantan a Juan Bosch en el centenario de su nacimiento /cpresentación William Mejía. aSanto Domingo :bEdiciones de Cultura,c2010. a224 p. ;c23 cm. aIncluye bibliografía y notas al pie de las páginas.10a Bosch, Juan, d1909-200114aPoesía dominicanavColecciones10aLiteratura dominicana.1 aMejía, William,